Statistics for Country Names w/ Last Two Letters Furthest Apart in Alphabet

Click here to take the quiz!

General Stats

  • This quiz has been taken 39 times
  • The average score is 9 of 15

Answer Stats

differencecountry% Correct
24Norway
82%
18Zimbabwe
79%
24Libya
75%
24Paraguay
75%
24Uruguay
75%
24Kenya
68%
20Turkey
68%
21Belize
64%
18Honduras
57%
20Palau
57%
18Bahamas
54%
20Nicaragua
54%
20Guinea-Bissau
50%
21Moldova
43%
19Malta
39%

Score Distribution

Percentile by Number Answered

Percent of People with Each Score

Your Score History

You have not taken this quiz